| 000 | 00619nam a2200217 a 4500 | ||
|---|---|---|---|
| 001 | 000025069 | ||
| 005 | 20200930023538.0 | ||
| 008 | 110209s1995 ve r 000 p spa d | ||
| 020 | _a9803251104 | ||
| 040 |
_aDO-SdBNP _bspa _cBNPHU |
||
| 082 |
_aVe861.44 _bR944d |
||
| 100 | 1 |
_aRuocco, Rosa _951443 |
|
| 245 | 1 | 0 |
_aDiario de precipitaciones / _cRosa Ruocco. |
| 260 |
_aCaracas, (Venezuela) : _bFondo Editorial Tropykos, _c1995. |
||
| 300 |
_a63 p. ; _c19 cm. |
||
| 490 | 1 |
_aParia _v10 |
|
| 650 | 4 |
_aPoesÃa venezolana _94230 |
|
| 650 | 4 |
_aLiteratura venezolana _93816 |
|
| 830 | 0 |
_aParia _v10 _916909 |
|
| 049 | _aBNGR | ||
| 999 |
_c24562 _d24562 |
||